00988nam a2200277Ia 4500008004100000020001500041020001800056040001800074041000800092100002400100245012500124250001200249260005400261300005300315504003900368650002400407650002900431650002000460650002500480650002500505650003900530650002700569700004000596700004600636765002800682130821s2009 mx a gr spa  a6074810354 a9786074810356 aCo-BoUCMbspa00aspa1 aCarbaugh, Robert J.10aEconomía internacionalcRobert J. Carbaugh ; Pilar Mascaró Sacristan, Magda Elizabeth Treviño Rosales, traductores a9a. ed. aMéxico D.F. (México)bCengange Learningc2009 axv, 561páginasbilustraciones, tablas, cuadros aIncluye bibliografía e índice.04aAranceles de aduana04aEconomía internacional04aGlobalización04aPolítica comercial04aPolítica monetaria04aRegulación del comercio exterior04aRelaciones comerciales1 aMascaró Sacristán, Pilaretrad.1 aTreviño Rosales, Magda Elizabethetrad. 0tInternational Economics